[Event "IRL-ch First Weekend Major"]
[Site "Dublin"]
[Date "2018.08.04"]
[Round "2.4"]
[White "Pawlowski, Grzegorz"]
[Black "Bolkeny, Gabor"]
[Result "0-1"]
[WhiteElo "1805"]
[BlackElo "1909"]
[PlyCount "126"]
[EventDate "2018.08.03"]
[EventType "swiss"]
[EventRounds "5"]
[EventCountry "IRL"]
[SourceTitle "EXT 2023"]
[Source "ChessBase"]
[SourceDate "2022.10.05"]
[SourceVersion "1"]
[SourceVersionDate "2022.10.05"]
[SourceQuality "1"]

1. e4 d5 2. exd5 Nf6 3. d4 Bg4 4. Be2 Bxe2 5. Nxe2 Qxd5 6. 0-0 Nc6 7. c4 Qxc4 8. Na3 Qd5 9. Be3 e6 10. Nc3 Qd7 11. Qa4 Nb4 12. Nab5 Nbd5 13. Bg5 c6 14. Na3 Nxc3 15. bxc3 Ne4 16. Be3 Nxc3 17. Qc4 Nd5 18. Bc1 Be7 19. Nc2 0-0 20. Rb1 b5 21. Qb3 b4 22. Bd2 a5 23. Qc4 Bf6 24. Rfc1 Ne7 25. Rb3 Nf5 26. Be3 Qd5 27. Qd3 Rfd8 28. Rd1 h6 29. Qe2 c5 30. Qg4 cxd4 31. Bd2 Rac8 32. Ne1 Kh7 33. Qh5 Nd6 34. Qg4 Qf5 35. Qe2 Ne4 36. Rf3 Qg6 37. Qa6 Nxd2 38. Rxd2 Rc1 39. Kf1 Qb1 40. Qe2 Rdc8 41. Rfd3 R8c3 42. Rd1 Rxd1 43. Rxd1 Rc1 44. Rd2 g6 45. f4 d3 46. Qe3 Bc3 47. f5 Rxe1+ 48. Qxe1 Qxe1+ 49. Kxe1 gxf5 50. Kd1 Bxd2 51. Kxd2 e5 52. Kxd3 Kg6 53. Kc4 e4 54. g3 Kg5 55. Kb5 Kg4 56. Kxa5 e3 57. Kxb4 e2 58. a4 e1Q+ 59. Kb5 Qe2+ 60. Kb6 Qxh2 61. a5 Qxg3 62. a6 Qb8+ 63. Kc6 Qa7 0-1